000 00525 a2200157 4500
020 _a8184501595 (hardcover)
020 _a9788184501599 (hardcover)
090 _c5791
_d5791
100 1 _aAnil, Kumar.
245 1 0 _aMicro credit and rural development /
_cKumar Anil, Sharma Praveen.
260 _a[S.l.] :
_bDeep & Deep Publications,
_c2009.
300 _a560 p.
700 1 _aPraveen, Sharma.
856 4 0 _3Amazon.com
_uhttp://www.amazon.com/exec/obidos/ASIN/8184501595/chopaconline-20
942 _aNBS
_cBK
_k332.710954 THA
999 _c348191
_d348191